| 000 | 00372nam a2200145Ia 4500 | ||
|---|---|---|---|
| 008 | 240624s9999 xx 000 0 und d | ||
| 041 | _aeng | ||
| 082 | _a621.392 NAV | ||
| 100 | _aNAVABI ZAINALABEDIN | ||
| 245 | _aVHDL ANALYSIS AND MODELING OF DIGITAL SY | ||
| 250 | _a(2nd ed.) | ||
| 260 |
_c1998 _aNew York _bMcGrawhill |
||
| 300 | _axxii, : 632 : cm. ; 23 | ||
| 365 | _c | ||
| 999 |
_c2271 _d2271 |
||